000 00688nam a2200253 a 4500
999 _c8516
_d8516
001 8516
003 BD - JhCC
005 20180919123745.0
008 500101s1988 nyua 000 0 eng d
020 _a0070354227
035 _aCURL 030000000249
_a(BD - JhCC)8516
040 _aBD-JhCC
_dBD-JhCC
041 _aeng
082 _bKRA 1988
_a621.38
100 1 _aKraus, John D.,
_d1910-2004.
245 1 0 _aAntennas /
_cJohn D. Kraus.
250 _a2nd ed.
260 _aNew York, NY :
_bMcGraw-Hill,
_c1988.
300 _a892 p. :
_bill. ;
_c24 cm.
650 0 _aAntennas (Electronics)
830 0 _aMcGraw-Hill series in electrical engineering
942 _2ddc
_cBK